Φερνάντο Μποτέρο

Αποθηκεύτηκε σε:
Λεπτομέρειες βιβλιογραφικής εγγραφής
Κύριος συγγραφέας: Hanstein, Mariana
Μορφή: Βιβλίο
Γλώσσα:Greek
Δημοσίευση: Αθήνα : Taschen / Γνώση, c2004.
Θέματα:
Ετικέτες: Προσθήκη ετικέτας
Δεν υπάρχουν, Καταχωρήστε ετικέτα πρώτοι!

MARC

LEADER 00000cam a2200000 i 4500
001 1/21652
008 060113s2004 gr | ||| |||| ||gre||
020 |a 9602356944 
035 |l 10081937 
040 |a GR-MyUa  |b gre  |e AACR2 
041 1 |a gre 
082 7 |a 700.92   |2 (22) 
100 1 |a Hanstein, Mariana. 
245 1 0 |a Φερνάντο Μποτέρο /   |c Mariana Hanstein ; μετάφραση: Ελένη Τσαλίκη. 
246 3 4 |a Μποτερό 
260 |a Αθήνα :   |b Taschen / Γνώση,   |c c2004. 
300 |a 96 σ. :   |b έγχρ. εικ. ;   |c 23 εκ. 
504 |a Βιβλιογραφία: σ. 96. 
600 1 0 |a Botero, Fernando,   |d 1932- 
852 |a INST  |b SYROS  |e 20060113  |h 700.92 BOT  |p 005500005236  |q 005500005236  |t BK  |y 0 
901 |a BIBL5-2006-1 
922 |a 5ΕΛΗ  |b 200511  |c Βιββλιοθήκη Σύρου  |d ΣΕΛΕΦΑΪΣ 
970 |a Κοντού  |b Παρασκευή  |z 23/02/2006